Conozca : (Registro nro. 12338)
[ vista simple ]
| 000 -LIDER | |
|---|---|
| fixed length control field | 00567nam a22001937a 4500 |
| 001 - NÚMERO DE CONTROL | |
| Identificador de número de control | 0011921 |
| 003 - IDENTIFICACDOR DE NÚMERO DE CONTROL | |
| control field | DO-SdBNP |
| 005 - DATE AND TIME OF LATEST TRANSACTION | |
| control field | 20180216104619.0 |
| 008 - ELEMENTOS DE LONGITUD FIJA | |
| fixed length control field | 180216b xxu||||| |||| 00| 0 spa d |
| 040 ## - FUENTE DE CATALOGACIÓN | |
| Agencia que crea de manera original el registro | BPMSU |
| Idioma de catalogación | spa |
| Agencia que realiza la transcripción | BPMSU |
| 100 1# - ASIENTO PRINCIPAL -- NOMBRE PERSONAL | |
| Nombre personal | Silva Lee, Alfonso |
| 245 1# - MENCIÓN DE TITULO | |
| Título | Conozca : |
| Subtítulo | fauna de fiesta / |
| Mención de responsabilidad | Alfonso Silva Lee ; ilustraciones Omar Moya Moya |
| 260 ## - PUBLICACIÓN, DISTRIBUCIÓN, ETC. (PIE DE IMPRENTA) | |
| Lugar de publicación, distribución, etc | La Habana, Cuba: |
| Nombre del editor, distribuidor, etc. | Gente Nueva, |
| Fecha de publicación, distribución, etc | 1992. |
| 490 ## - MENCIÓN DE SERIES | |
| Mención de serie | Biblioteca escolar |
| 700 ## - ASIENTO SECUNDARIO -- NOMBRE PERSONAL | |
| Nombre personal | Moya Moya, Omar, |
| Mención de responsabilidad | il. |
| 830 ## - ASIENTO SECUNDARIO DE SERIE--TÍTULO UNIFORME | |
| Título uniforme | Biblioteca escolar |
| 942 ## - ADDED ENTRY ELEMENTS (KOHA) | |
| Source of classification or shelving scheme | Dewey Decimal Classification |
| Koha item type | Libros |
| 945 ## - INFORMACIÓN DE PROCESAMIENTO LOCAL | |
| Información de procesamiento local | Inventariado, 2018/MFF |
| Withdrawn status | Lost status | Source of classification or shelving scheme | Damaged status | Not for loan | Collection code | Home library | Current library | Date acquired | Total Checkouts | Barcode | Date last seen | Price effective from | Koha item type |
|---|---|---|---|---|---|---|---|---|---|---|---|---|---|
| Dewey Decimal Classification | Colección Infantil General | Biblioteca Pública Metropolitana Salomé Ureña | Biblioteca Pública Metropolitana Salomé Ureña | 12/07/2016 | BPMSU16120189 | 12/07/2016 | 12/07/2016 | Libros |